Opera for the people.

Bibliographic Details
Main Author: Graf, Herbert, 1903 or 1904-1973
Format: Book
Language:English
Published: Minneapolis : University of Minnesota Press, [1951]
Subjects:

MARC

Tag First Indicator Second Indicator Subfields
LEADER 00000cam a2200000 4500
001 in00000036701
005 20151007062205.0
008 720915s1951 mnuagh b 00000 eng u
010 |a  51013790  
035 |a (OCoLC)00407068 
035 |9 AAD4174AM 
040 |c OUN  |d TXA  |d UtOrBLW 
049 |a TXAM  |c [201969] 
050 0 |a ML1711  |b .G7 
092 |a 782  |b G736o 
100 1 |a Graf, Herbert,  |d 1903 or 1904-1973. 
245 1 0 |a Opera for the people. 
264 1 |a Minneapolis :  |b University of Minnesota Press,  |c [1951] 
300 |a 289 pages :  |b illustrations, facsimiles, music. ;  |c 24 cm. 
336 |a text  |b txt  |2 rdacontent 
337 |a unmediated  |b n  |2 rdamedia 
338 |a volume  |b nc  |2 rdacarrier 
504 |a Bibliographical references included in "Notes" (pages 271-275) and index. 
536 |a From the Howard Mayer Brown, Edward Downes and Mary Schieffelin book collections. October, 2004. 
650 0 |a Opera  |z United States. 
999 |a MARS 
999 f f |s 5466cfd5-0d06-3830-ba11-66813a5c0823  |i 2e6d5926-7af3-3aab-a9eb-0ad1c155090e  |t 0 
952 f f |p storage  |a Texas A&M University  |b J.J. Pickle Campus  |c High Density Repository  |d Remote Storage  |t 0  |e ML1711 .G7  |h Library of Congress classification  |i unmediated -- volume  |m A14831645238 
998 f f |a ML1711 .G7  |t 0  |l Remote Storage